000 00805nam a2200289Ia 4500
005 20260324112335.0
008 008 260324s9999 xx 000 0 eng d
020 _a9781032699691
037 _aEBOOK
040 _aCRL
040 _beng
040 _cCRL
041 _2eng
041 _aeng
084 _qCRL
100 _aLieve Bruyninx; Yvonne Barnes-Holmes; Ciara McEnteggart; Marjolein Vleugel; Roy Thewissen
_91142291
245 0 _aPracticing Acceptance and Commitment Therapy with Head and Heart
245 0 _bUnderstanding the Why Behind Each Intervention
260 _bTaylor and Francis
260 _c2024
365 _a
365 _b220
856 _uhttp://www.taylorfrancis.com/books/9781032699691
942 _cEBOOK
999 _c1731457
_d1731457